HHMI Bulletin (Registro nro. 8656)

Detalles MARC
000 -LEADER
fixed length control field 00849nas a2200277 454500
001 - CONTROL NUMBER
control field 28750
005 - DATE AND TIME OF LATEST TRANSACTION
control field 20260407193507.0
008 - FIXED-LENGTH DATA ELEMENTS--GENERAL INFORMATION
fixed length control field 260407s2006####ag###########|||spa#d
003 - CONTROL NUMBER IDENTIFIER
control field AR-UNSa-BCEJYS
040 ## - CATALOGING SOURCE
Original cataloging agency AR-UNSa-BCEJYS
Language of cataloging spa
Transcribing agency AR-UNSa-BCEJYS
080 ## - UNIVERSAL DECIMAL CLASSIFICATION NUMBER
Universal Decimal Classification number 57
Common auxiliary subdivision Ciencias biológicas en general
041 ## - LANGUAGE CODE
Language code of text/sound track or separate title spa
100 1# - MAIN ENTRY--PERSONAL NAME
Personal name Howartd Hughes Medical Institute
245 10 - TITLE STATEMENT
Title HHMI Bulletin
264 #1 - PRODUCTION, PUBLICATION, DISTRIBUTION, MANUFACTURE, AND COPYRIGHT NOTICE
Place of production, publication, distribution, manufacture Maryland :
Name of producer, publisher, distributor, manufacturer HHMI
Date of production, publication, distribution, manufacture, or copyright notice 2006
310 ## - CURRENT PUBLICATION FREQUENCY
Current publication frequency Frecuencia: Trimestral
590 ## - LOCAL NOTE (RLIN)
Local note niveau_biblio:s niveau_hierar:1
650 ## - SUBJECT ADDED ENTRY--TOPICAL TERM
Topical term or geographic name entry element Biología
650 ## - SUBJECT ADDED ENTRY--TOPICAL TERM
Topical term or geographic name entry element Biotecnología
650 ## - SUBJECT ADDED ENTRY--TOPICAL TERM
Topical term or geographic name entry element Enseñanza de las ciencias
650 ## - SUBJECT ADDED ENTRY--TOPICAL TERM
Topical term or geographic name entry element Investigación biológica
650 ## - SUBJECT ADDED ENTRY--TOPICAL TERM
Topical term or geographic name entry element Ciencia
700 1# - ADDED ENTRY--PERSONAL NAME
Personal name Gardiner, Mary Beth
856 41 - ELECTRONIC LOCATION AND ACCESS
Uniform Resource Identifier <a href="https://biblioeco.unsa.edu.ar/pmb/images/revistas/HHMI bulletin-r13835.jpg">https://biblioeco.unsa.edu.ar/pmb/images/revistas/HHMI bulletin-r13835.jpg</a>
Link text Imagen de portada
Electronic format type image/jpeg
942 ## - ADDED ENTRY ELEMENTS (KOHA)
Koha item type
Existencias
Withdrawn status Lost status Damaged status Not for loan Home library Current library Shelving location Date acquired Serial enumeration / chronology Total checkouts Full call number Barcode Date last seen Price effective from Koha item type
        Biblioteca Prof. Eusebio Cleto del Rey Biblioteca Prof. Eusebio Cleto del Rey   01/05/2012 Vol. 25, Nº 2 - mayo 2012   H57 HHM v25.n2 R13855 10/04/2026 10/04/2026 Numero
        Biblioteca Prof. Eusebio Cleto del Rey Biblioteca Prof. Eusebio Cleto del Rey   01/02/2012 Vol. 25, Nº 1 - feb. 2012   H57 HHM v25.n1 R13854 10/04/2026 10/04/2026 Numero
        Biblioteca Prof. Eusebio Cleto del Rey Biblioteca Prof. Eusebio Cleto del Rey   01/11/2011 Vol. 24, Nº 4 - nov. 2011   H57 HHM v24.n4 R13853 10/04/2026 10/04/2026 Numero
        Biblioteca Prof. Eusebio Cleto del Rey Biblioteca Prof. Eusebio Cleto del Rey   01/05/2011 Vol. 24, Nº 2 - mayo 2011   H57 HHM v24.n2 R13852 10/04/2026 10/04/2026 Numero
        Biblioteca Prof. Eusebio Cleto del Rey Biblioteca Prof. Eusebio Cleto del Rey   01/02/2011 Vol. 24, Nº 1 - feb. 2011   H57 HHM v24.n1 R13851 10/04/2026 10/04/2026 Numero
        Biblioteca Prof. Eusebio Cleto del Rey Biblioteca Prof. Eusebio Cleto del Rey   01/08/2010 Vol. 23, Nº 3 - ago. 2010   H57 HHM v23.n3 R13850 10/04/2026 10/04/2026 Numero
        Biblioteca Prof. Eusebio Cleto del Rey Biblioteca Prof. Eusebio Cleto del Rey   01/02/2010 Vol. 23, Nº 1 - feb. 2010   H57 HHM v23.n1 R13849 10/04/2026 10/04/2026 Numero
        Biblioteca Prof. Eusebio Cleto del Rey Biblioteca Prof. Eusebio Cleto del Rey   01/11/2009 Vol. 22, Nº 4 - nov. 2009   H57 HHM v22.n4 R13848 10/04/2026 10/04/2026 Numero
        Biblioteca Prof. Eusebio Cleto del Rey Biblioteca Prof. Eusebio Cleto del Rey   01/08/2009 Vol. 22, Nº 3 - ago. 2009   H57 HHM v22.n3 R13847 10/04/2026 10/04/2026 Numero
        Biblioteca Prof. Eusebio Cleto del Rey Biblioteca Prof. Eusebio Cleto del Rey   01/05/2008 Vol. 21, Nº 2 - mayo 2008   H57 HHM v21.n2 R13846 10/04/2026 10/04/2026 Numero
        Biblioteca Prof. Eusebio Cleto del Rey Biblioteca Prof. Eusebio Cleto del Rey   01/11/2007 Vol. 20, Nº 4 - nov. 2007   H57 HHM v20.n4 R13836 10/04/2026 10/04/2026 Numero
        Biblioteca Prof. Eusebio Cleto del Rey Biblioteca Prof. Eusebio Cleto del Rey   01/05/2006 Vol. 19, Nº 2 - mayo 2006   H57 HHM v19.n2 R13835 10/04/2026 10/04/2026 Numero